000
00295nam a22001337a 4500
008
181008b xxu||||| |||| 00| 0 eng d
020
_a
070350485
041
_a
eng
080
_a
620
100
_a
27
101
_a
MEK
245
_a
An Introduction to Mechanics
_c
Kleppner,D
942
_2
udc
_c
BK
999
_c
49046
_d
49046